Cơ sở sinh lý học thực vật

Gorde:
Xehetasun bibliografikoak
Egile nagusia: Cơ sở sinh lý học thực vật
Formatua: Liburua
Hizkuntza:Undetermined
Argitaratua: Hà Nội KHKT 1978
Gaiak:
Etiketak: Etiketa erantsi
Etiketarik gabe, Izan zaitez lehena erregistro honi etiketa jartzen!
Thư viện lưu trữ: Trung tâm Học liệu Trường Đại học Cần Thơ
LEADER 00538nam a2200169Ia 4500
001 CTU_8684
008 210402s9999 xx 000 0 und d
082 |a 581.1 
082 |b C460/T3 
100 |a Cơ sở sinh lý học thực vật 
245 0 |a Cơ sở sinh lý học thực vật 
245 0 |c Cơ sở sinh lý học thực vật, Lê Đức Diên 
260 |a Hà Nội 
260 |b KHKT 
260 |c 1978 
650 |a plant physiology 
980 |a Trung tâm Học liệu Trường Đại học Cần Thơ